Modelovanie biologických systémov

Bibliographic Details
Main Authors: Gombárska, Daniela, Ing., PhD (Author), Gála, Michal (Author)
Format: Software eBook
Language:Slovak
PhysicalDescription:1 elektronický optický disk (CD-ROM) fareb. 12 cm
Published: V Žiline Žilinská univerzita v Žiline, Elektrotechnická fakulta Edis 2015
ISBN:9788055411156
Edition:1. vyd.
Subjects:

MARC

LEADER 00000cam a2200000 a 4500
001 vtls011428377
003 SK-MaSNL
005 20260301183635.0
007 co cg auuua
008 240318s2015 xo | fsp 000 0 slo
015 |a SNBS2018 
020 |a 9788055411156  |q (elektronická kniha) 
040 |a SNK  |b slo  |c SNK  |e AACR2 
041 0 |a slo 
044 |a xo  |c SK 
072 7 |a 57  |x Všeobecná biológia  |2 konspekt 
080 |a 57.01/.05  |2 2011 
080 |a 519.673  |2 2011 
080 |a 519.86/.87  |2 2011 
080 |a (075.8)  |2 2011 
080 |a (0.034.44)  |2 2011 
100 1 |a Gombárska, Daniela,  |c Ing.,  |c PhD.  |4 aut  |9 340003 
245 1 0 |a Modelovanie biologických systémov  |h elektronický zdroj  |c Daniela Gombárska, Michal Gála 
250 |a 1. vyd. 
260 |a V Žiline  |b Žilinská univerzita v Žiline, Elektrotechnická fakulta  |b Edis  |c 2015 
300 |a 1 elektronický optický disk (CD-ROM)  |b fareb.  |c 12 cm 
500 |a Názov z titulnej obrazovky 
504 |a Bibliogr. odkazy 
516 |a Textový dokument (učebnica), súbor vo formáte pdf 
536 |a Projekt: Inovácia a internacionalizácia vzdelávania - nástroje zvýšenia kvality Žilinskej univerzity v európskom vzdelávacom priestore, ITMS 26110230079 
538 |a Technické požiadavky: PDF prehliadač 
650 0 7 |a biologické systémy  |2 SNKPH  |9 79528 
650 0 7 |a matematické modelovanie  |2 SNKPH  |9 4279 
650 0 7 |a modelovanie a simulácia  |2 SNKPH  |9 3666 
650 0 7 |a Biological systems  |2 SNKPHeng  |9 400730 
650 0 7 |a Mathematical modeling  |2 SNKPHeng  |9 98788 
650 0 7 |a Modeling and simulation  |2 SNKPHeng  |9 303246 
655 7 |a elektronické zdroje  |2 SNKPH  |9 90954 
655 7 |a CD-ROM  |2 SNKPH  |9 70236 
655 7 |a učebnice vysokých škôl  |2 SNKPH  |9 70191 
655 7 |a Textbooks (higher)  |2 SNKPHeng  |9 276436 
655 7 |a Electronic resources  |2 SNKPHeng  |9 175546 
700 1 |a Gála, Michal  |4 aut  |9 340002 
710 2 |a Žilinská univerzita v Žiline.  |b Vydavateľstvo EDIS  |4 pbl  |9 259558 
852 |a Štátna vedecká knižnica v Banskej Bystrici 
919 |a 978-80-554-1115-6 
958 |a NB 
999 |c 857773  |d 859703 
952 |a SNK  |b SNK  |y PREZ  |7 0  |p 17A1179166  |o snkSCDM 8103  |i snk2016/4484  |8 0  |0 0  |1 0  |4 0  |d 2016-02-18  |l 0  |r 2026-02-24 05:02:12  |w 2026-02-24 
952 |t snkMOD 57  |a SNKMST  |b SNKMST  |y PREZ  |7 0  |p 17A1179165  |o snkSCDM 8103 D1  |i snk2016/4485  |8 0  |0 0  |1 0  |4 0  |d 2016-02-18  |l 0  |r 2025-08-11 00:00:00  |w 2026-02-24